|
|
|
|
| LEADER |
00000nam a22000005a 4500 |
| 001 |
13012 |
| 003 |
CL-ChBUA |
| 005 |
20120815103443.0 |
| 008 |
070301s1983 xxu 000 0 spa |
| 020 |
|
|
|a 0689114052
|
| 040 |
|
|
|a CL-ChBUA
|c CL-ChBUA
|
| 082 |
0 |
0 |
|a 779.973
|
| 090 |
|
|
|c 13012
|d 13012
|
| 100 |
1 |
|
|a Kelso, Duncan.
|
| 245 |
1 |
0 |
|a Inside this house of sky photographs of a Western Landscape
|
| 260 |
|
|
|b Atheneum.
|a New York.
|c 1983.
|
| 300 |
|
|
|a Ver págs.
|c 22 cm.
|
| 504 |
|
|
|a Indice.
|
| 650 |
|
4 |
|a FOTOGRAFIA (EE.UU.).
|
| 942 |
|
|
|c LIB
|
| 952 |
|
|
|0 0
|1 0
|4 0
|7 0
|9 18436
|a UNACH
|b UNACH
|c 900
|d 2007-03-05
|i 24.496.
|l 0
|o 978.6 / K 29
|p 19435
|r 2012-12-27 00:00:00
|u 18436
|w 2012-08-08
|y LIB
|k 978.6 / K 29
|
| 999 |
|
|
|c 13012
|d 13012
|